000
00311nam a2200133Ia 4500
008
190216s9999||||xx |||||||||||||| ||und||
100
_a
Herbert A Laitinen And Walter E Harris
245
0
_a
Chemical Analysis
250
_a
2nd Ed.
260
_b
Null
_c
1960
300
_a
611
650
_a
Chemistry
942
_c
BK
999
_c
2151
_d
2151